000 00423nam a2200169 a 4500
001 0000-9090
003 ELIB.Books
008 110520 1953
035 _a(ELIB.Books)0000-9239
082 _a210.1
_bRam
100 _aRamm, Bernard
245 _aTypes of Apologetic Systems
260 _bWheaton: Van Kampen Press
_c1953
650 _aPsychology
942 _2ddc
_cBK
998 _cbat
_e2011-05-20
999 _c9090
_d9090